000 00509nam a2200157 i 4500
001 88531
003 ES-MaACL
005 20230906175858.0
007 t|
008 050104s1907 fr ||||1| fre d
100 1 _aLamarck, Jean.
_969771
245 1 0 _aPhilosophie zoologique ou exposition des considerations relatives a l'hitoire naturelle des animaux /
_cLamarck.
260 _aParís :
_bSchleicher Fréres,
_c[1907] (
_eTours :
_fArrault)
300 _aXLII, 316 p. ;
_c21 cm.
852 _aES-MaACL
_jF-9226
999 _c88531
_d88531